تكنولوجيا التصميم الجرافيكي / (رقم التسجيلة. 27672)
[ عرض عادي ]
| 000 -الفاتح | |
|---|---|
| حقل البيانات ثابتة الطول | 00644nam a22001937a 4500 |
| 003 - محدد رقم الضبط | |
| رقم الضبط | OSt |
| 005 - وقت وتاريخ اخر تعامل مع التسجيلة | |
| رقم الضبط | 20150408114116.0 |
| 008 - عناصر البيانات ثابتة الطول - معلومات عامة | |
| حقل البيانات ثابتة الطول | 130206s 2012jo ||||f |||| 00| 0 ara d |
| 020 ## - الرقم الدولى المعيارى للكتب | |
| الرقم الدولى المعيارى للكتاب | 9789957831387 |
| 040 ## - مصدر الفهرسة | |
| وكالة الفهرسة الأصلية | Ma-un |
| 082 ## - رقم تصنيف ديوى العشرى | |
| رقم الطبعة | 21 |
| رقم التصنيف | 006.6 |
| رقم المادة | ت ك ت |
| 245 ## - بيان العنوان | |
| العنوان | تكنولوجيا التصميم الجرافيكي / |
| بيان المسئوليه,etc | تأليف نور الدين أحمد النادي ... [وآخ.] |
| 300 ## - الوصف المادى | |
| التعداد | 125 ص : |
| تفاصيل ماديه اخرى للوعاء | صور. ؛ |
| المادة المصاحبة | 24 سم. |
| 504 ## - تبصرة ببليوجرافية | |
| تبصرة ببليوجرافية,الخ | ببليوجرافية : 125 |
| 650 ## - المدخل الاضافى بالموضوع-مصطلح موضوعى | |
| مصطلح موضوعي أو اسم جغرافي كعنصر مدخل | التصميم الجرافيكي |
| 9 (RLIN) | 20848 |
| 650 ## - المدخل الاضافى بالموضوع-مصطلح موضوعى | |
| 9 (RLIN) | 3161 |
| مصطلح موضوعي أو اسم جغرافي كعنصر مدخل | الرسم |
| التقسيم الفرعي العام | معالجة بيانات |
| 650 ## - المدخل الاضافى بالموضوع-مصطلح موضوعى | |
| مصطلح موضوعي أو اسم جغرافي كعنصر مدخل | تصميم |
| 942 ## - عناصر المدخل الإضافي( كوها) | |
| مصدر التصنيف او مخطط الترفيف | Dewey Decimal Classification |
| Koha [default] item type | كتاب |
| حالة الفقد | نموذج السعر الفعال | حالة تلف | ليس للاعارة | رقم الطلب | رقم النسخة | تاريخ الاكتساب | الموقع الحالي | الباركود | الفرع الرئيسي | Date last seen | نوع المادة فى نظام كوها | مصدر التصنيف او خطة الترفيف | Total Checkouts |
|---|---|---|---|---|---|---|---|---|---|---|---|---|---|
| 2013-03-10 | Not For Loan | 006.6 ت ك ت | 1 | 2013-02-06 | المكتبة المركزية بالمجمعة (CL) | 00304166 | المكتبة المركزية بالمجمعة (CL) | 2013-03-10 | كتاب | Dewey Decimal Classification | |||
| 2013-03-10 | 006.6 ت ك ت | 2 | 2013-02-06 | المكتبة المركزية بالمجمعة (CL) | 00304167 | المكتبة المركزية بالمجمعة (CL) | 2013-03-10 | كتاب | Dewey Decimal Classification | ||||
| 2013-03-10 | 006.6 ت ك ت | 3 | 2013-02-06 | المكتبة المركزية بالمجمعة (CL) | 00304168 | المكتبة المركزية بالمجمعة (CL) | 2013-03-10 | كتاب | Dewey Decimal Classification | ||||
| 2013-03-10 | Not For Loan | 006.6 ت ت ت | 1 | 2013-02-06 | قسم الاجراءات الفنية (IC) | 00304173 | قسم الاجراءات الفنية (IC) | 2013-03-10 | كتاب | Dewey Decimal Classification | |||
| 2013-03-10 | 006.6 ت ت ت | 2 | 2013-02-06 | قسم الاجراءات الفنية (IC) | 00304174 | قسم الاجراءات الفنية (IC) | 2013-03-10 | كتاب | Dewey Decimal Classification | ||||
| 2013-03-10 | Not For Loan | 006.6 ت ت ت | 1 | 2013-02-06 | مكتبة كلية العلوم و الدراسات الإنسانية برماح - طالبات (SRF) | 00304169 | مكتبة كلية العلوم و الدراسات الإنسانية برماح - طالبات (SRF) | 2013-03-10 | كتاب | Dewey Decimal Classification | |||
| 2013-03-10 | 006.6 ت ت ت | 2 | 2013-02-06 | مكتبة كلية العلوم و الدراسات الإنسانية برماح - طالبات (SRF) | 00304170 | مكتبة كلية العلوم و الدراسات الإنسانية برماح - طالبات (SRF) | 2013-03-10 | كتاب | Dewey Decimal Classification | ||||
| 2013-03-10 | Not For Loan | 006.6 ت ت ت | 1 | 2013-02-06 | مكتبة كلية العلوم و الدراسات الإنسانية برماح - طلاب (SRM) | 00304171 | مكتبة كلية العلوم و الدراسات الإنسانية برماح - طلاب (SRM) | 2013-03-10 | كتاب | Dewey Decimal Classification | |||
| 2013-03-10 | 006.6 ت ت ت | 2 | 2013-02-06 | مكتبة كلية العلوم و الدراسات الإنسانية برماح - طلاب (SRM) | 00304172 | مكتبة كلية العلوم و الدراسات الإنسانية برماح - طلاب (SRM) | 2013-03-10 | كتاب | Dewey Decimal Classification |
